[Event "SRB-chT 2nd League East"]
[Site "Knic"]
[Date "2019.09.08"]
[Round "5.2"]
[White "Markovic, Marko"]
[Black "Djukic, Zeljko"]
[Result "1/2-1/2"]
[WhiteElo "2225"]
[BlackElo "2279"]
[PlyCount "40"]
[EventDate "2019.09.06"]
[EventType "team-tourn"]
[EventRounds "11"]
[EventCountry "SRB"]
[SourceTitle "EXT 2020"]
[Source "ChessBase"]
[SourceDate "2019.10.17"]
[SourceVersion "1"]
[SourceVersionDate "2019.10.17"]
[SourceQuality "1"]
[WhiteTeam "Kursumlija"]
[BlackTeam "Nis Svitanja"]
[WhiteTeamCountry "SRB"]
[BlackTeamCountry "SRB"]

1. e4 d6 2. d4 Nf6 3. Nc3 e5 4. f4 exd4 5. Qxd4 Nc6 6. Bb5 Bd7 7. Bxc6 Bxc6 8. Nf3 Be7 9. Be3 0-0 10. 0-0-0 Ng4 11. Rhe1 Nxe3 12. Rxe3 Re8 13. Nd5 Bxd5 14. Qxd5 c6 15. Qd4 Qb6 16. Qxb6 axb6 17. a3 b5 18. c3 Bf8 19. Kc2 g6 20. Rde1 Re6 1/2-1/2

[Event "Nis op"]
[Site "Nis"]
[Date "2019.06.25"]
[Round "1"]
[White "Shoshin, Kirill"]
[Black "Djukic, Zeljko"]
[Result "1/2-1/2"]
[WhiteElo "1998"]
[BlackElo "2298"]
[PlyCount "72"]
[EventDate "2019.06.25"]
[EventType "swiss"]
[EventRounds "9"]
[EventCountry "SRB"]
[SourceTitle "EXT 2020"]
[Source "ChessBase"]
[SourceDate "2019.10.17"]
[SourceVersion "1"]
[SourceVersionDate "2019.10.17"]
[SourceQuality "1"]

1. d4 Nf6 2. c4 c5 3. d5 e6 4. Nc3 exd5 5. cxd5 d6 6. e4 g6 7. f4 Bg7 8. Bd3 a6 9. a4 Bg4 10. Nf3 Nbd7 11. 0-0 0-0 12. h3 Bxf3 13. Qxf3 Re8 14. a5 Rc8 15. Be3 c4 16. Bc2 Nc5 17. e5 Nfd7 18. e6 fxe6 19. dxe6 Nxe6 20. Qd5 Kh8 21. f5 Nc7 22. Qd2 Ne5 23. Bg5 Qd7 24. Ne4 d5 25. Nc5 Qc6 26. Na4 Nd7 27. fxg6 hxg6 28. Bh6 Ne5 29. Rae1 Nb5 30. Nb6 Rcd8 31. Bf4 Nd3 32. Bxd3 cxd3 33. Rxe8+ Rxe8 34. Qxd3 Bd4+ 35. Kh1 Bxb6 36. axb6 d4 1/2-1/2

[Event "SRB-chT2 East"]
[Site "Serbia"]
[Date "2018.09.09"]
[Round "4.5"]
[White "Djukic, Zeljko"]
[Black "Livaja, Mario"]
[Result "1/2-1/2"]
[WhiteElo "2304"]
[BlackElo "2279"]
[PlyCount "58"]
[EventDate "2018.09.07"]
[EventType "team-tourn"]
[EventRounds "11"]
[EventCountry "SRB"]
[SourceTitle "EXT 2021"]
[Source "ChessBase"]
[SourceDate "2020.10.23"]
[SourceVersion "1"]
[SourceVersionDate "2020.10.23"]
[SourceQuality "1"]
[WhiteTeam "Nis Svitanja"]
[BlackTeam "Nis Nais"]
[WhiteTeamCountry "SRB"]
[BlackTeamCountry "SRB"]

1. Nf3 Nf6 2. b3 g6 3. Bb2 Bg7 4. g3 0-0 5. Bg2 d6 6. d4 a5 7. a4 Na6 8. 0-0 Bf5 9. Nh4 d5 10. Nxf5 gxf5 11. e3 e6 12. f3 Rc8 13. Nc3 c5 14. Nb5 Qb6 15. Rf2 Rfd8 16. Qd2 Nb4 17. c3 cxd4 18. exd4 Na6 19. Ba3 Rd7 20. Bf1 Qd8 21. Bd3 Nc7 22. Rc1 Kh8 23. Kg2 Ng8 24. Re2 Bf8 25. Bb2 Qf6 26. Qe1 Nxb5 27. Bxb5 Rdc7 28. Bd3 Bd6 29. c4 Bb4 1/2-1/2

[Event "SRB-chT2 East"]
[Site "Serbia"]
[Date "2017.09.10"]
[Round "4.2"]
[White "Djukic, Zeljko"]
[Black "Petkov, Vladimir"]
[Result "0-1"]
[WhiteElo "2320"]
[BlackElo "2495"]
[PlyCount "58"]
[EventDate "2017.09.08"]
[EventType "team-tourn"]
[EventRounds "11"]
[EventCountry "SRB"]
[SourceTitle "EXT 2022"]
[Source "ChessBase"]
[SourceDate "2021.10.06"]
[SourceVersion "1"]
[SourceVersionDate "2021.10.06"]
[SourceQuality "1"]

1. d4 Nf6 2. c4 Nc6 3. Nf3 e6 4. Nc3 Bb4 5. Qc2 d6 6. a3 Bxc3+ 7. Qxc3 0-0 8. b4 Re8 9. b5 Ne7 10. g3 a6 11. bxa6 Rxa6 12. Bg2 b6 13. Nd2 c5 14. dxc5 bxc5 15. Bb2 e5 16. 0-0 Bf5 17. Rfd1 Nc6 18. Bxc6 Rxc6 19. Nf1 Ne4 20. Qf3 Bg6 21. Nd2 f5 22. Nxe4 fxe4 23. Qc3 Qg5 24. h4 Qg4 25. Rd2 Rb6 26. Rad1 Qe6 27. Bc1 Bh5 28. Rc2 h6 29. Kg2 Ra8 0-1

[Event "SRB-chT2 East"]
[Site "Serbia"]
[Date "2017.09.09"]
[Round "2.3"]
[White "Djukic, Zeljko"]
[Black "Delchev, Aleksander"]
[Result "0-1"]
[WhiteElo "2320"]
[BlackElo "2577"]
[PlyCount "80"]
[EventDate "2017.09.08"]
[EventType "team-tourn"]
[EventRounds "11"]
[EventCountry "SRB"]
[SourceTitle "EXT 2022"]
[Source "ChessBase"]
[SourceDate "2021.10.06"]
[SourceVersion "1"]
[SourceVersionDate "2021.10.06"]
[SourceQuality "1"]

1. d4 d5 2. Nf3 Nf6 3. Bf4 c5 4. e3 Nc6 5. Nc3 cxd4 6. Nxd4 e6 7. a3 Bd6 8. Bb5 Qc7 9. Bg5 a6 10. Be2 Bd7 11. Nf3 Ne5 12. Nd4 Nc4 13. Bxc4 Qxc4 14. Qd3 Rc8 15. Bxf6 Qxd3 16. cxd3 gxf6 17. Kd2 h5 18. h4 Rg8 19. g3 f5 20. Nde2 Ke7 21. Rhc1 b5 22. Nf4 d4 23. exd4 Bxf4+ 24. gxf4 Rg4 25. Ke3 Rxh4 26. Rh1 Rxh1 27. Rxh1 Rh8 28. Rh4 Bc6 29. Ne2 Bd5 30. b4 Kf6 31. Nc3 Kg6 32. Nxd5 exd5 33. Rh1 h4 34. Rg1+ Kf6 35. Rc1 h3 36. Kf3 h2 37. Kg2 Ke7 38. Rh1 Rc8 39. Kxh2 Rc3 40. Ra1 Rxd3 0-1

[Event "SRB-chT2 East"]
[Site "Serbia"]
[Date "2017.09.09"]
[Round "3.2"]
[White "Livaja, Mario"]
[Black "Djukic, Zeljko"]
[Result "1/2-1/2"]
[WhiteElo "2314"]
[BlackElo "2320"]
[PlyCount "71"]
[EventDate "2017.09.08"]
[EventType "team-tourn"]
[EventRounds "11"]
[EventCountry "SRB"]
[SourceTitle "EXT 2022"]
[Source "ChessBase"]
[SourceDate "2021.10.06"]
[SourceVersion "1"]
[SourceVersionDate "2021.10.06"]
[SourceQuality "1"]

1. d4 d5 2. c4 e6 3. Nc3 a6 4. Nf3 dxc4 5. a4 Nc6 6. e3 Na5 7. Ne5 Nb3 8. Rb1 c5 9. Bxc4 Nxc1 10. Rxc1 cxd4 11. exd4 Nf6 12. 0-0 Bb4 13. Qb3 Ba5 14. d5 Qb6 15. dxe6 Bxe6 16. Bxe6 fxe6 17. Qa2 Bxc3 18. Rxc3 0-0 19. Nc4 Qd4 20. Ne3 Rae8 21. Rc4 Qb6 22. a5 Qb5 23. Rfc1 h6 24. Rc5 Qe2 25. Qb1 Nd5 26. R1c2 Qd3 27. Qf1 Qxf1+ 28. Nxf1 Rf4 29. Re2 Kf7 30. Nd2 Rd4 31. g3 Nb4 32. Nf3 Rd1+ 33. Kg2 Nc6 34. h4 Rd5 35. Rec2 Rxc5 36. Rxc5 1/2-1/2

[Event "SRB-chT Central"]
[Site "Kraljevo"]
[Date "2014.09.21"]
[Round "11.5"]
[White "Djukic, Zeljko"]
[Black "Dezelin, Milan"]
[Result "1/2-1/2"]
[WhiteElo "2367"]
[BlackElo "2261"]
[PlyCount "21"]
[EventDate "2014.09.13"]
[EventType "team-tourn"]
[EventRounds "11"]
[EventCountry "SRB"]
[SourceTitle "CBM 162 Extra"]
[Source "ChessBase"]
[SourceDate "2014.10.17"]
[SourceVersion "1"]
[SourceVersionDate "2014.10.17"]
[SourceQuality "1"]
[WhiteTeam "Donja Studena"]
[BlackTeam "Paracin"]
[WhiteTeamCountry "SRB"]
[BlackTeamCountry "SRB"]

1. d4 Nf6 2. c4 e6 3. Nc3 Bb4 4. Bg5 h6 5. Bh4 c5 6. d5 b5 7. dxe6 fxe6 8. e3 0-0 9. Nf3 bxc4 10. Bxc4 Nc6 11. 0-0 1/2-1/2

[Event "SRB-chT Central"]
[Site "Kraljevo"]
[Date "2014.09.18"]
[Round "8.4"]
[White "Djokic, Nebojsa"]
[Black "Djukic, Zeljko"]
[Result "1/2-1/2"]
[WhiteElo "2180"]
[BlackElo "2367"]
[PlyCount "32"]
[EventDate "2014.09.13"]
[EventType "team-tourn"]
[EventRounds "11"]
[EventCountry "SRB"]
[SourceTitle "CBM 162 Extra"]
[Source "ChessBase"]
[SourceDate "2014.10.17"]
[SourceVersion "1"]
[SourceVersionDate "2014.10.17"]
[SourceQuality "1"]
[WhiteTeam "Veliko Gradiste"]
[BlackTeam "Donja Studena"]
[WhiteTeamCountry "SRB"]
[BlackTeamCountry "SRB"]

1. e4 d6 2. Nc3 c5 3. Nf3 Bg4 4. Bb5+ Nd7 5. h3 Bxf3 6. Qxf3 a6 7. Be2 e6 8. Qg3 Ne5 9. 0-0 Nc6 10. d3 Nge7 11. Kh1 g6 12. f4 f5 13. Be3 Nd4 14. Bd1 Bg7 15. Ne2 Nxe2 16. Bxe2 Rc8 1/2-1/2

[Event "SRB-chT Central"]
[Site "Kraljevo"]
[Date "2014.09.17"]
[Round "6.5"]
[White "Maksimovic, Branimir"]
[Black "Djukic, Zeljko"]
[Result "1/2-1/2"]
[WhiteElo "2384"]
[BlackElo "2367"]
[PlyCount "45"]
[EventDate "2014.09.13"]
[EventType "team-tourn"]
[EventRounds "11"]
[EventCountry "SRB"]
[SourceTitle "CBM 162 Extra"]
[Source "ChessBase"]
[SourceDate "2014.10.17"]
[SourceVersion "1"]
[SourceVersionDate "2014.10.17"]
[SourceQuality "1"]
[WhiteTeam "Nis"]
[BlackTeam "Donja Studena"]
[WhiteTeamCountry "SRB"]
[BlackTeamCountry "SRB"]

1. d4 c5 2. d5 d6 3. c4 b5 4. cxb5 a6 5. bxa6 Bxa6 6. Nc3 Nf6 7. Nf3 g6 8. e4 Bxf1 9. Kxf1 Bg7 10. g3 0-0 11. Kg2 Nbd7 12. a4 Qb6 13. Ra3 Rfb8 14. Qc2 Ne8 15. h4 h5 16. Nb5 Nc7 17. Nxc7 Qxc7 18. b3 c4 19. Be3 c3 20. Rha1 Rb4 21. a5 Ra6 22. Nd2 Ne5 23. Nc4 1/2-1/2

[Event "SRB-chT Central"]
[Site "Kraljevo"]
[Date "2014.09.15"]
[Round "4.6"]
[White "Perunovic, Miodrag"]
[Black "Djukic, Zeljko"]
[Result "1-0"]
[WhiteElo "2415"]
[BlackElo "2367"]
[PlyCount "77"]
[EventDate "2014.09.13"]
[EventType "team-tourn"]
[EventRounds "11"]
[EventCountry "SRB"]
[SourceTitle "CBM 162 Extra"]
[Source "ChessBase"]
[SourceDate "2014.10.17"]
[SourceVersion "1"]
[SourceVersionDate "2014.10.17"]
[SourceQuality "1"]
[WhiteTeam "Pozega"]
[BlackTeam "Donja Studena"]
[WhiteTeamCountry "SRB"]
[BlackTeamCountry "SRB"]

1. d4 c5 2. d5 d6 3. e4 g6 4. Nc3 Bg7 5. Nf3 Nf6 6. Bb5+ Bd7 7. a4 0-0 8. 0-0 Bxb5 9. axb5 Nbd7 10. h3 Ne8 11. Bf4 Nc7 12. Qd2 Qe8 13. Rfe1 f6 14. Qd3 a6 15. Nd2 Nb6 16. bxa6 bxa6 17. Ra5 Qf7 18. Nc4 Nxc4 19. Qxc4 Rab8 20. Qa2 Rb4 21. Ra4 Rb6 22. Bg3 Rfb8 23. Nd1 f5 24. exf5 Qxf5 25. Ne3 Qf7 26. Rf4 Bf6 27. c4 e5 28. dxe6 Qxe6 29. Kf1 Rxb2 30. Qa5 Bd8 31. Nd1 Qd7 32. Qc3 Qg7 33. Qxg7+ Kxg7 34. Nxb2 Rxb2 35. Rd1 Ne6 36. Re4 Nd4 37. Bxd6 Bb6 38. Re7+ Kf6 39. Rb7 1-0

[Event "SRB-CupT Central Serbia"]
[Site "Serbia"]
[Date "2014.05.04"]
[Round "8.2"]
[White "Djukic, Zeljko"]
[Black "Mirkovic, Stevan"]
[Result "1-0"]
[WhiteElo "2382"]
[BlackElo "2298"]
[PlyCount "95"]
[EventDate "2014.03.23"]
[EventType "team"]
[EventRounds "8"]
[EventCountry "SRB"]
[SourceTitle "EXT 2015"]
[Source "ChessBase"]
[SourceDate "2014.11.20"]
[SourceVersion "1"]
[SourceVersionDate "2014.11.20"]
[SourceQuality "1"]

1. d4 d5 2. c4 dxc4 3. e3 Nf6 4. Bxc4 e6 5. Nf3 c5 6. 0-0 a6 7. a4 Nc6 8. Nc3 Be7 9. Qe2 cxd4 10. Rd1 0-0 11. exd4 Nb4 12. Bg5 Bd7 13. Ne5 Rc8 14. Bb3 Bc6 15. Nxc6 bxc6 16. a5 Qc7 17. Bc4 Rfe8 18. Ra4 Qb7 19. Bxf6 gxf6 20. Ne4 f5 21. Nc5 Bxc5 22. dxc5 Rcd8 23. g3 Rxd1+ 24. Qxd1 Nd5 25. Qe2 Nc7 26. Qd2 Nd5 27. Qg5+ Kh8 28. Bxd5 cxd5 29. Qf6+ Kg8 30. Rh4 Qb3 31. Kg2 Rb8 32. c6 Qc2 33. b4 Rc8 34. b5 axb5 35. a6 Qxc6 36. Rh5 Qc3 37. Rg5+ Kf8 38. Qh6+ Ke7 39. Rg7 b4 40. Qxh7 Qf6 41. Rg8 Qc3 42. a7 d4 43. Qh8 Qc6+ 44. Kh3 Qf3 45. Qh4+ Kd7 46. Rxc8 Kxc8 47. Qh8+ Kc7 48. a8Q 1-0

[Event "Nis Svetosavski op 4th"]
[Site "Nis"]
[Date "2014.02.23"]
[Round "5"]
[White "Zivkovic, Marko"]
[Black "Djukic, Zeljko"]
[Result "1/2-1/2"]
[WhiteElo "2192"]
[BlackElo "2382"]
[PlyCount "41"]
[EventDate "2014.02.21"]
[EventType "swiss"]
[EventRounds "5"]
[EventCountry "SRB"]
[SourceTitle "CBM 159 Extra"]
[Source "ChessBase"]
[SourceDate "2014.04.24"]
[SourceVersion "1"]
[SourceVersionDate "2014.04.24"]
[SourceQuality "1"]

1. d4 g6 2. Nf3 Bg7 3. e4 c5 4. d5 d6 5. Nc3 Nf6 6. Be2 0-0 7. 0-0 e6 8. Re1 exd5 9. exd5 Bg4 10. Bf4 Bxf3 11. Bxf3 Ne8 12. Nb5 Qb6 13. Qd3 Nd7 14. Na3 Qb4 15. Re4 Qxb2 16. Rb1 Qxa2 17. c4 Bb2 18. Nb5 Be5 19. Na3 b5 20. cxb5 Bxf4 21. Re2 1/2-1/2

[Event "Nis Svetosavski op 4th"]
[Site "Nis"]
[Date "2014.02.22"]
[Round "2"]
[White "Todorovic, Nenad I"]
[Black "Djukic, Zeljko"]
[Result "1/2-1/2"]
[WhiteElo "2121"]
[BlackElo "2382"]
[PlyCount "104"]
[EventDate "2014.02.21"]
[EventType "swiss"]
[EventRounds "5"]
[EventCountry "SRB"]
[SourceTitle "CBM 159 Extra"]
[Source "ChessBase"]
[SourceDate "2014.04.24"]
[SourceVersion "1"]
[SourceVersionDate "2014.04.24"]
[SourceQuality "1"]

1. e4 c5 2. Nf3 Nc6 3. d4 cxd4 4. Nxd4 Qc7 5. Nc3 e6 6. Be2 a6 7. 0-0 Nf6 8. Be3 Be7 9. f4 d6 10. a4 0-0 11. Kh1 Nxd4 12. Qxd4 e5 13. Qd3 exf4 14. Rxf4 Be6 15. Nd5 Bxd5 16. exd5 Nd7 17. Rc4 Qa5 18. Qd2 Qd8 19. Rb4 b6 20. a5 bxa5 21. Rba4 Qb8 22. Qxa5 Qxb2 23. Qc7 Qe5 24. Qxd7 Qxe3 25. Rxa6 Rxa6 26. Bxa6 Bf6 27. Rf1 Be5 28. Bd3 g6 29. Qg4 h5 30. Qf3 Qxf3 31. Rxf3 Ra8 32. g3 Ra5 33. Bc4 f5 34. Kg2 Kg7 35. Bb3 Kf6 36. Rd3 Ra1 37. Rd2 g5 38. Rf2 Re1 39. Bc4 Bd4 40. Rf1 Re5 41. h3 Be3 42. g4 hxg4 43. hxg4 Bf4 44. gxf5 Kxf5 45. Rf2 Kg4 46. Re2 Be3 47. Re1 Kf4 48. Rf1+ Ke4 49. Rf6 Kd4 50. Bb3 Bf4 51. Rxd6 Re2+ 52. Kf1 Rxc2 1/2-1/2

[Event "SRB-chT Central"]
[Site "Kragujevac"]
[Date "2013.09.21"]
[Round "10.6"]
[White "Perunovic, Miodrag"]
[Black "Djukic, Zeljko"]
[Result "1-0"]
[WhiteElo "2418"]
[BlackElo "2386"]
[PlyCount "53"]
[EventDate "2013.09.14"]
[EventType "team-tourn"]
[EventRounds "11"]
[EventCountry "SRB"]
[SourceTitle "CBM 156 Extra"]
[Source "ChessBase"]
[SourceDate "2013.10.22"]
[SourceVersion "1"]
[SourceVersionDate "2013.10.22"]
[SourceQuality "1"]
[WhiteTeam "Pozega"]
[BlackTeam "Donja Studena"]
[WhiteTeamCountry "SRB"]
[BlackTeamCountry "SRB"]

1. e4 c5 2. Nf3 Nc6 3. Bb5 e6 4. 0-0 Nge7 5. Re1 a6 6. Bxc6 Nxc6 7. d4 cxd4 8. Nxd4 Qc7 9. Nxc6 Qxc6 10. Nc3 b5 11. Nd5 Bb7 12. Bf4 Rc8 13. c4 bxc4 14. Rc1 f5 15. b3 fxe4 16. Qh5+ g6 17. Qe5 Qxd5 18. Qxh8 Qh5 19. Rxc4 Bc6 20. Rc3 Qf5 21. Bh6 Ra8 22. Bxf8 Qxf8 23. Qxh7 Qf7 24. Qh8+ Ke7 25. Qd4 Qf6 26. Qb4+ Kf7 27. Rxc6 1-0

[Event "Nis Art Faculty op"]
[Site "Nis"]
[Date "2013.08.07"]
[Round "7"]
[White "Djukic, Zeljko"]
[Black "Zivkovic, Nemanja"]
[Result "0-1"]
[WhiteElo "2391"]
[BlackElo "2245"]
[PlyCount "80"]
[EventDate "2013.08.03"]
[EventType "swiss"]
[EventRounds "7"]
[EventCountry "SRB"]
[SourceTitle "EXT 2015"]
[Source "ChessBase"]
[SourceDate "2014.11.20"]
[SourceVersion "1"]
[SourceVersionDate "2014.11.20"]
[SourceQuality "1"]

1. d4 Nf6 2. Nf3 g6 3. Bf4 Bg7 4. e3 0-0 5. h3 d6 6. Nbd2 Nc6 7. c3 Qe8 8. Bc4 e5 9. dxe5 dxe5 10. Bh2 e4 11. Nd4 Ne5 12. Be2 Qe7 13. Qc2 c5 14. N4b3 b6 15. Nc4 Nxc4 16. Bxc4 Rd8 17. 0-0 Bf5 18. a4 Nd7 19. Bd5 Rac8 20. Bb7 Be5 21. Bxc8 Bxh2+ 22. Kxh2 Rxc8 23. Nd2 Ne5 24. Rfd1 Qh4 25. Kg1 Nf3+ 26. Nxf3 exf3 27. Qd2 Qg5 28. g4 Bxg4 29. Qd6 Bxh3+ 30. Qg3 Qh5 31. a5 b5 32. a6 Re8 33. c4 Re4 34. Rd5 Bf5 35. Rxf5 Qxf5 36. Kf1 Rg4 37. Qb8+ Kg7 38. Rd1 Qg5 39. Qh2 Rg2 40. Qh1 Qg4 0-1

[Event "Nis Art Faculty op"]
[Site "Nis"]
[Date "2013.08.07"]
[Round "6"]
[White "Milovanovic, Srboljub"]
[Black "Djukic, Zeljko"]
[Result "1/2-1/2"]
[WhiteElo "2206"]
[BlackElo "2391"]
[PlyCount "34"]
[EventDate "2013.08.03"]
[EventType "swiss"]
[EventRounds "7"]
[EventCountry "SRB"]
[SourceTitle "EXT 2015"]
[Source "ChessBase"]
[SourceDate "2014.11.20"]
[SourceVersion "1"]
[SourceVersionDate "2014.11.20"]
[SourceQuality "1"]

1. d4 c5 2. d5 d6 3. c4 e5 4. Nc3 Be7 5. f4 exf4 6. Bxf4 Bg5 7. Qd2 Bxf4 8. Qxf4 Qf6 9. e3 a6 10. Ne4 Qxf4 11. exf4 Ke7 12. Kd2 Nf6 13. Re1 Nxe4+ 14. Rxe4+ Kf6 15. Nf3 Bg4 16. Nh4 Bd7 17. Bd3 h6 1/2-1/2

[Event "Nis op"]
[Site "Nis"]
[Date "2013.03.26"]
[Round "7"]
[White "Djukic, Zeljko"]
[Black "Zivkovic, Nemanja"]
[Result "0-1"]
[WhiteElo "2397"]
[BlackElo "2237"]
[PlyCount "84"]
[EventDate "2013.03.21"]
[EventType "swiss"]
[EventRounds "9"]
[EventCountry "SRB"]
[SourceTitle "CBM 153 Extra"]
[Source "ChessBase"]
[SourceDate "2013.04.22"]
[SourceVersion "1"]
[SourceVersionDate "2013.04.22"]
[SourceQuality "1"]

1. c4 g6 2. e4 c5 3. Nf3 Nc6 4. d4 cxd4 5. Nxd4 Bg7 6. Be3 Nf6 7. Nc3 d6 8. Be2 0-0 9. 0-0 Bd7 10. Nc2 Qa5 11. f3 Rfc8 12. Qd2 Ne5 13. b3 b5 14. b4 Qc7 15. c5 a6 16. Rac1 dxc5 17. Bxc5 Be6 18. Na3 Rd8 19. Qe3 Qb7 20. Rfd1 Nc6 21. f4 Nd7 22. e5 Nxc5 23. Qxc5 Qa7 24. Rxd8+ Rxd8 25. Qxa7 Nxa7 26. Nab1 Bh6 27. g3 g5 28. fxg5 Bxg5 29. Re1 Nc6 30. a4 bxa4 31. Nxa4 Nxb4 32. Kf2 Rd5 33. Bf1 Bf5 34. Nac3 Nd3+ 35. Bxd3 Rxd3 36. Ne4 Bh6 37. Nc5 Rd5 38. Nxa6 Rb5 39. Nc3 Ra5 40. Nb4 Bd2 41. Rd1 Bxc3 42. Nd5 Bc2 0-1

[Event "Nis op"]
[Site "Nis"]
[Date "2013.03.25"]
[Round "6"]
[White "Djukic, Zeljko"]
[Black "Livaja, Mario"]
[Result "1-0"]
[WhiteElo "2397"]
[BlackElo "2227"]
[PlyCount "129"]
[EventDate "2013.03.21"]
[EventType "swiss"]
[EventRounds "9"]
[EventCountry "SRB"]
[SourceTitle "CBM 153 Extra"]
[Source "ChessBase"]
[SourceDate "2013.04.22"]
[SourceVersion "1"]
[SourceVersionDate "2013.04.22"]
[SourceQuality "1"]

1. c4 Nf6 2. Nc3 e5 3. g3 Nc6 4. Bg2 d6 5. d3 g6 6. Rb1 a5 7. a3 Bg7 8. b4 axb4 9. axb4 0-0 10. b5 Ne7 11. Qb3 c6 12. Nf3 h6 13. 0-0 Be6 14. Ba3 Qc7 15. Rfc1 Rfe8 16. Nd2 Red8 17. Nd5 Bxd5 18. cxd5 c5 19. e4 Nc8 20. Bb2 Nb6 21. Ra1 Rxa1 22. Rxa1 Rb8 23. Bh3 h5 24. Bc3 Bh6 25. Nc4 Nxc4 26. dxc4 Nxe4 27. Bb2 Qd8 28. Ra7 f5 29. Bg2 Nf6 30. Qc3 Bg7 31. Bc1 Nd7 32. Qb3 h4 33. Bd2 e4 34. Ba5 b6 35. Bd2 hxg3 36. Qxg3 Ra8 37. Rxa8 Qxa8 38. Qxg6 Qa1+ 39. Bf1 Ne5 40. Qe6+ Nf7 41. Qxf5 Qb1 42. Qc8+ Kh7 43. Qf5+ Kg8 44. Kg2 Ne5 45. Bc3 Nf3 46. Qc8+ Kh7 47. Qd7 Nd4 48. Be2 Qc1 49. Bxd4 Qg5+ 50. Bg4 cxd4 51. Qf5+ Kh6 52. Qxe4 Be5 53. Qf5 d3 54. Qxg5+ Kxg5 55. Bd1 Kf4 56. h4 Ke4 57. h5 Bf4 58. Kh3 Kf5 59. Kg2 Ke4 60. Kh3 Kf5 61. Kh4 Bh6 62. Kg3 Ke4 63. Kg4 Bf4 64. Bf3+ Ke5 65. c5 1-0

[Event "Nis op"]
[Site "Nis"]
[Date "2013.03.24"]
[Round "5"]
[White "Ristic, Nebojsa M"]
[Black "Djukic, Zeljko"]
[Result "1/2-1/2"]
[WhiteElo "2309"]
[BlackElo "2397"]
[PlyCount "74"]
[EventDate "2013.03.21"]
[EventType "swiss"]
[EventRounds "9"]
[EventCountry "SRB"]
[SourceTitle "CBM 153 Extra"]
[Source "ChessBase"]
[SourceDate "2013.04.22"]
[SourceVersion "1"]
[SourceVersionDate "2013.04.22"]
[SourceQuality "1"]

1. d4 Nf6 2. Nf3 c5 3. c3 e6 4. g3 b6 5. Bg2 Bb7 6. 0-0 Be7 7. Nbd2 0-0 8. Re1 cxd4 9. Nxd4 Bxg2 10. Kxg2 d5 11. Qc2 Qc8 12. e4 dxe4 13. Nxe4 Qb7 14. f3 Nbd7 15. Bf4 Nc5 16. Nxf6+ Bxf6 17. Be5 Bxe5 18. Rxe5 Rfd8 19. Kg1 Rac8 20. f4 Nd7 21. Ree1 Qd5 22. Qg2 Qxg2+ 23. Kxg2 a6 24. Re2 g6 25. Rd1 b5 26. Red2 Nb6 27. Nf3 Rxd2+ 28. Rxd2 Nc4 29. Re2 Rd8 30. Ne5 Nxe5 31. fxe5 Rd3 32. Kf2 Kg7 33. Re3 Rd2+ 34. Re2 Rd5 35. Kf3 f6 36. exf6+ Kxf6 37. Ke3 Ke7 1/2-1/2

[Event "Nis op"]
[Site "Nis"]
[Date "2013.03.23"]
[Round "3"]
[White "Arandjelovic, Aleksandar Z"]
[Black "Djukic, Zeljko"]
[Result "0-1"]
[WhiteElo "1967"]
[BlackElo "2397"]
[PlyCount "88"]
[EventDate "2013.03.21"]
[EventType "swiss"]
[EventRounds "9"]
[EventCountry "SRB"]
[SourceTitle "CBM 153 Extra"]
[Source "ChessBase"]
[SourceDate "2013.04.22"]
[SourceVersion "1"]
[SourceVersionDate "2013.04.22"]
[SourceQuality "1"]

1. e4 c5 2. Nc3 Nc6 3. g3 g6 4. Bg2 Bg7 5. d3 d6 6. Be3 e5 7. Qd2 Nge7 8. Bh6 0-0 9. h4 f6 10. Bxg7 Kxg7 11. Nge2 Bg4 12. f3 Be6 13. h5 g5 14. h6+ Kh8 15. f4 gxf4 16. gxf4 Bg4 17. 0-0-0 Nd4 18. Rdg1 Qa5 19. Nxd4 cxd4 20. Nb1 Qxa2 21. Bf1 Rg8 22. Qb4 Qa6 23. Qb3 d5 24. Qb4 Rae8 25. f5 Bf3 26. Nd2 Bxh1 27. Rxh1 Qc6 28. c4 dxc4 29. dxc4 Nxf5 30. exf5 Qxh1 31. Qd6 Qc6 32. c5 Qxd6 33. cxd6 Rd8 34. Kc2 Rxd6 35. Ne4 Rc6+ 36. Kb3 Rg1 37. Bc4 Rh1 38. Bd5 Rb6+ 39. Kc4 Rxh6 40. b4 Rh2 41. Be6 Kg7 42. Nc5 Rc2+ 43. Kd5 Rxb4 44. Ne4 d3 0-1

[Event "Nis op"]
[Site "Nis"]
[Date "2013.03.23"]
[Round "4"]
[White "Djukic, Zeljko"]
[Black "Ilic, Slobodan"]
[Result "1-0"]
[WhiteElo "2397"]
[BlackElo "2109"]
[PlyCount "79"]
[EventDate "2013.03.21"]
[EventType "swiss"]
[EventRounds "9"]
[EventCountry "SRB"]
[SourceTitle "CBM 153 Extra"]
[Source "ChessBase"]
[SourceDate "2013.04.22"]
[SourceVersion "1"]
[SourceVersionDate "2013.04.22"]
[SourceQuality "1"]

1. d4 Nf6 2. c4 e6 3. Nf3 d5 4. Nc3 Be7 5. Bg5 0-0 6. e3 h6 7. Bh4 b6 8. Qb3 Bb7 9. Bxf6 Bxf6 10. cxd5 exd5 11. Rd1 c6 12. Bd3 Nd7 13. 0-0 Re8 14. e4 Nf8 15. e5 Be7 16. Bf5 Bc8 17. Bxc8 Rxc8 18. Ne1 Qd7 19. Nc2 Bd8 20. f4 b5 21. a4 a6 22. axb5 axb5 23. Kh1 Qb7 24. Ne3 Be7 25. Ne2 Ra8 26. g3 Ne6 27. h4 Bf8 28. f5 Nc7 29. Nf4 c5 30. Kh2 cxd4 31. Ng4 Qc8 32. Qd3 Qd7 33. Nh5 Ra6 34. Rc1 Kh8 35. e6 fxe6 36. f6 e5 37. Qg6 Na8 38. Nxg7 Bxg7 39. fxg7+ Qxg7 40. Qxe8+ 1-0

[Event "Nis Svetosavski op 3rd"]
[Site "Nis"]
[Date "2013.03.04"]
[Round "5"]
[White "Livaja, Mario"]
[Black "Djukic, Zeljko"]
[Result "1/2-1/2"]
[WhiteElo "2227"]
[BlackElo "2397"]
[PlyCount "56"]
[EventDate "2013.03.02"]
[EventType "swiss"]
[EventRounds "5"]
[EventCountry "SRB"]
[SourceTitle "CBM 153 Extra"]
[Source "ChessBase"]
[SourceDate "2013.04.22"]
[SourceVersion "1"]
[SourceVersionDate "2013.04.22"]
[SourceQuality "1"]

1. d4 d5 2. c4 dxc4 3. Nc3 a6 4. a4 Nf6 5. e4 e5 6. d5 Bb4 7. Bg5 h6 8. Bxf6 Qxf6 9. Bxc4 Bc5 10. Nf3 0-0 11. 0-0 Bg4 12. Be2 Bxf3 13. Bxf3 Rd8 14. Qb3 Qb6 15. Qc2 Nd7 16. Rac1 Bd6 17. Nd1 Nc5 18. Ne3 Qb4 19. Ra1 g6 20. Qc3 Qxc3 21. bxc3 a5 22. g3 Rf8 23. Nc4 f5 24. Nd2 Rf6 25. Bd1 Raf8 26. Bc2 Kg7 27. Kg2 f4 28. f3 Kf7 1/2-1/2